Giá trị chân - thiện - mỹ quanh ta Triết lý và suy ngẫm
Những triết lí giúp con người tu tập, vươn tới mục tiêu sống hướng thiện, giải thoát, tự tại, nuôi dưỡng đức tính chân thật, thiện tâm và thẩm mỹ để có được cuộc sống hạnh phúc
Wedi'i Gadw mewn:
| Prif Awdur: | |
|---|---|
| Fformat: | Llyfr |
| Iaith: | Undetermined |
| Cyhoeddwyd: |
H.
Đại học Quốc gia Hà Nội
2018
|
| Pynciau: | |
| Mynediad Ar-lein: | http://lrc.tdmu.edu.vn/opac/search/detail.asp?aID=2&ID=32942 |
| Tagiau: |
Ychwanegu Tag
Dim Tagiau, Byddwch y cyntaf i dagio'r cofnod hwn!
|
| Thư viện lưu trữ: | Trung tâm Học liệu Trường Đại học Thủ Dầu Một |
|---|
| LEADER | 01015nam a2200217Ia 4500 | ||
|---|---|---|---|
| 001 | TDMU_32942 | ||
| 008 | 210410s9999 xx 000 0 und d | ||
| 082 | |a 621.313 | ||
| 090 | |b D561 | ||
| 100 | |a Dương, Quang Minh | ||
| 245 | 0 | |a Giá trị chân - thiện - mỹ quanh ta | |
| 245 | 0 | |b Triết lý và suy ngẫm | |
| 245 | 0 | |c Dương Quang Minh | |
| 260 | |a H. | ||
| 260 | |b Đại học Quốc gia Hà Nội | ||
| 260 | |c 2018 | ||
| 300 | |a 214tr. | ||
| 520 | |a Những triết lí giúp con người tu tập, vươn tới mục tiêu sống hướng thiện, giải thoát, tự tại, nuôi dưỡng đức tính chân thật, thiện tâm và thẩm mỹ để có được cuộc sống hạnh phúc | ||
| 650 | |a Tâm lí học ứng dụng; Cuộc sống |x Triết lý | ||
| 856 | |u http://lrc.tdmu.edu.vn/opac/search/detail.asp?aID=2&ID=32942 | ||
| 980 | |a Trung tâm Học liệu Trường Đại học Thủ Dầu Một | ||